Tesis Cooperación al desarrollo España-Colombia (Registro nro. 55296)
[ vista simple ]
| 000 -CABECERA | |
|---|---|
| Campo de control interno | nam a22 7a 4500 |
| 005 - FECHA Y HORA DE LA CATALOGACION | |
| Campo de control | 20200724124128.0 |
| 008 - ELEMENTOS DE LONGITUD FIJA - INFORMACION | |
| Elementos de Longitud Fija - Informaci | 200724b xxu||||| |||| 00| 0 eng d |
| 040 ## - ORIGEN DE LA CATALOGACION | |
| Origen de la Catalogación | ANE |
| 041 ## - CODIGO DE LENGUAJE | |
| Código de lenguaje del texto | Es |
| 100 ## - AUTOR PERSONAL | |
| Autor Personal | Castrillòn Cordobès,Juliàn Hernando |
| 245 ## - TÍTULO GENERAL | |
| Título | Tesis Cooperación al desarrollo España-Colombia |
| 260 ## - EDITORIAL | |
| Ciudad | Madrid |
| Fecha | 2016 |
| 300 ## - DESCRIPCION | |
| Número de páginas | 174 p. |
| 856 ## - URL - Ubicaci | |
| URI/URL | http://documentacion.asambleanacional.gob.ec/alfresco/d/d/workspace/SpacesStore/a6b59884-a654-4bca-b072-efdf7870bbf1/Tesis%20Cooperaci%c3%b3n%20al%20desarrollo%20Espa%c3%b1a-Colombia.pdf |
| 942 ## - ELEMENTOS DE KOHA | |
| Esquema de Clasificaci | |
| Tipo de Documento | Biblioteca Virtual |
| Catalogador | Nr. |
| Withdrawn status | Lost status | Fuente de Clasificaci | Damaged status | Not for loan | Ubicaci | Biblioteca | Fecha de Adquisición | Vía de adquisición | Signatura Topogr | Código de barras | Date last seen | Price effective from | Tipo de Item |
|---|---|---|---|---|---|---|---|---|---|---|---|---|---|
| Biblioteca Asamblea Nacional | Biblioteca Asamblea Nacional | 2020-07-24 | Donación | TESIS | 37264 | 2020-07-24 | 2020-07-24 | Biblioteca Virtual |